| 000 | 00535nam a22001817a 4500 | ||
|---|---|---|---|
| 003 | CEME | ||
| 005 | 20210628205633.0 | ||
| 008 | 210309b xxu||||| |||| 00| 0 eng d | ||
| 020 | _a0-201-63347-7 | ||
| 040 | _c. | ||
| 082 | _a658.562 WES | ||
| 100 |
_aWesner, John W Trimble, David C Hiatt, Jeffrey M _976385 |
||
| 245 | _aWinning with quality applying quality principles in product development | ||
| 260 |
_aNEWYORK _bADDISON WESLEY _c1995 |
||
| 300 | _a297P | ||
| 650 |
_aQUALITY CONTROL NEW PRODUCTS _976386 |
||
| 942 |
_cBK _2ddc |
||
| 999 |
_c581779 _d581779 |
||